[Event "Titled Tuesday intern op 13th Jun Early"]
[Site "Chess.com INT"]
[Date "2023.06.13"]
[Round "4"]
[White "Ilamparthi, AR."]
[Black "Skawinski, Arkadiusz"]
[Result "1-0"]
[WhiteElo "2393"]
[BlackElo "2346"]
[PlyCount "77"]
[EventDate "2023.06.13"]
[EventType "swiss (blitz)"]
[EventRounds "11"]
[EventCountry "USA"]
[SourceTitle "EXT 2024"]
[Source "ChessBase"]
[SourceDate "2023.10.10"]
[SourceVersion "1"]
[SourceVersionDate "2023.10.10"]
[SourceQuality "1"]

1. e4 e6 2. d3 d5 3. Nd2 Nf6 4. Ngf3 Nc6 5. c3 a5 6. e5 Nd7 7. d4 f6 8. Bb5 fxe5 9. Nxe5 Ncxe5 10. dxe5 c6 11. Bd3 Qh4 12. Nf3 Qh5 13. Bf4 Be7 14. Qd2 0-0 15. Bg3 Nc5 16. 0-0-0 Bd7 17. Bc2 Rxf3 18. gxf3 Qxf3 19. Rhg1 Be8 20. Kb1 Bh5 21. Rde1 b5 22. Qd4 b4 23. Bh4 Bf8 24. Bf6 Bg6 25. Bxg6 hxg6 26. Bg5 Rb8 27. c4 Ne4 28. Be3 Bc5 29. Qd3 Bxe3 30. Rxe3 Qxf2 31. Rc1 Nd2+ 32. Ka1 Nxc4 33. Re2 Qf4 34. Rec2 a4 35. Rf1 Qxe5 36. Qxg6 b3 37. Qf7+ Kh7 38. Rg2 bxa2 39. Rf3 1-0

[Event "Titled Tuesday intern op 13th Jun Early"]
[Site "Chess.com INT"]
[Date "2023.06.13"]
[Round "11"]
[White "Skawinski, Arkadiusz"]
[Black "Miladinovic, Igor"]
[Result "1-0"]
[WhiteElo "2346"]
[BlackElo "2507"]
[PlyCount "105"]
[EventDate "2023.06.13"]
[EventType "swiss (blitz)"]
[EventRounds "11"]
[EventCountry "USA"]
[SourceTitle "EXT 2024"]
[Source "ChessBase"]
[SourceDate "2023.10.10"]
[SourceVersion "1"]
[SourceVersionDate "2023.10.10"]
[SourceQuality "1"]

1. e4 c6 2. Nf3 d5 3. Nc3 dxe4 4. Nxe4 Nf6 5. Qe2 Nxe4 6. Qxe4 Qd5 7. Qh4 Qe6+ 8. Be2 Qg4 9. Qg3 h5 10. b3 h4 11. Qxg4 Bxg4 12. h3 Bxf3 13. Bxf3 Nd7 14. Bb2 e6 15. 0-0-0 Rg8 16. Rhe1 Be7 17. d4 0-0-0 18. c4 Bf6 19. d5 Bxb2+ 20. Kxb2 cxd5 21. cxd5 e5 22. Bg4 f6 23. Be6 Rge8 24. Re4 g5 25. Rc4+ Kb8 26. Bf5 Nb6 27. Rc5 Rd6 28. a4 Red8 29. Be4 Nc8 30. Rdc1 Ne7 31. Rc7 R8d7 32. R7c5 a6 33. g4 hxg3 34. fxg3 f5 35. Bg2 e4 36. g4 Rxd5 37. Rxd5 Rxd5 38. gxf5 Re5 39. f6 Ng6 40. Re1 e3 41. f7 Kc7 42. Kc3 Kd6 43. Kd4 e2 44. Bxb7 a5 45. Ba6 Rf5 46. Bc4 Nf4 47. Ke4 Rf6 48. Bxe2 Rxf7 49. Rd1+ Kc5 50. Bg4 Kb4 51. Rd7 Rxd7 52. Bxd7 Kxb3 53. h4 1-0

[Event "Titled Tuesday intern op 13th Jun Early"]
[Site "Chess.com INT"]
[Date "2023.06.13"]
[Round "1"]
[White "Skawinski, Arkadiusz"]
[Black "Novikova, Margarita"]
[Result "1-0"]
[WhiteElo "2346"]
[BlackElo "1985"]
[PlyCount "79"]
[EventDate "2023.06.13"]
[EventType "swiss (blitz)"]
[EventRounds "11"]
[EventCountry "USA"]
[SourceTitle "EXT 2024"]
[Source "ChessBase"]
[SourceDate "2023.10.10"]
[SourceVersion "1"]
[SourceVersionDate "2023.10.10"]
[SourceQuality "1"]

1. e4 d5 2. exd5 Qxd5 3. Nc3 Qd6 4. d4 Nf6 5. Nf3 c6 6. g3 Bg4 7. Bg2 e6 8. 0-0 Qc7 9. h3 Bh5 10. g4 Bg6 11. Ne5 Bd6 12. Qe2 Nbd7 13. Re1 0-0-0 14. h4 h5 15. Nxg6 fxg6 16. g5 Ng4 17. Ne4 Bf4 18. f3 Bxc1 19. fxg4 Bxb2 20. Rad1 Qf4 21. Rf1 Qxg4 22. Qxg4 hxg4 23. Nd6+ Kc7 24. Nf7 Rxh4 25. Nxd8 Kxd8 26. Rf7 g3 27. Kf1 Ke8 28. Rxg7 Rf4+ 29. Ke1 Rf2 30. Rd3 Rxg2 31. Rxg6 Nf8 32. Rg7 Ba3 33. Rxa3 Rh2 34. Rxa7 Rh1+ 35. Ke2 Rh2+ 36. Kf3 Rf2+ 37. Kxg3 Rf7 38. Rxf7 Kxf7 39. Rxb7+ Kg6 40. Kg4 1-0

[Event "POL-chT Ekstraliga"]
[Site "Bydgoszcz"]
[Date "2022.09.07"]
[Round "5.5"]
[White "Skawinski, Arkadiusz"]
[Black "Zilka, Stepan"]
[Result "0-1"]
[WhiteElo "2359"]
[BlackElo "2587"]
[PlyCount "56"]
[EventDate "2022.09.03"]
[EventType "team-tourn"]
[EventRounds "9"]
[EventCountry "POL"]
[SourceTitle "CBM 210 Extra"]
[Source "ChessBase"]
[SourceDate "2022.11.30"]
[SourceVersion "1"]
[SourceVersionDate "2022.11.30"]
[SourceQuality "1"]
[WhiteTeam "Wisznia Mala Bialy Krol"]
[BlackTeam "Pegow Wieza"]
[WhiteTeamCountry "POL"]
[BlackTeamCountry "POL"]

1. e4 c5 2. Nf3 d6 3. Bb5+ Nd7 4. Ba4 Ngf6 5. 0-0 a6 6. c4 Nxe4 7. Re1 Nef6 8. d4 cxd4 9. Nxd4 e6 10. Nf5 Qa5 11. Bc2 Ne5 12. Ne3 Be7 13. b3 b5 14. Nd2 Qc3 15. Ba3 Nd3 16. Bxd3 Qxd3 17. Qf3 Rb8 18. Rad1 Bb7 19. Qh3 Qg6 20. Nf3 Ne4 21. Nh4 Qf6 22. Nef5 exf5 23. Nxf5 g6 24. Nxe7 Qxf2+ 25. Kh1 Qxe1+ 26. Rxe1 Nf2+ 27. Kg1 Nxh3+ 28. gxh3 Kd7 0-1

[Event "Titled Tuesday intern op 23rd Aug Early"]
[Site "Chess.com INT"]
[Date "2022.08.23"]
[Round "3"]
[White "Silva, Kaua Marques"]
[Black "Skawinski, Arkadiusz"]
[Result "0-1"]
[WhiteElo "2199"]
[BlackElo "2359"]
[PlyCount "154"]
[EventDate "2022.08.23"]
[EventType "swiss (blitz)"]
[EventRounds "11"]
[EventCountry "USA"]
[SourceTitle "EXT 2023"]
[Source "ChessBase"]
[SourceDate "2022.10.05"]
[SourceVersion "1"]
[SourceVersionDate "2022.10.05"]
[SourceQuality "1"]

1. e4 e6 2. d4 d5 3. Nd2 c5 4. Ngf3 cxd4 5. Bb5+ Nc6 6. Nxd4 Qb6 7. c3 Nf6 8. 0-0 Bd7 9. Bxc6 bxc6 10. e5 c5 11. N4f3 Ng8 12. c4 d4 13. Ne4 Bc6 14. Qd3 a5 15. Bg5 h6 16. Bh4 Be7 17. Bxe7 Nxe7 18. Nd6+ Kf8 19. Nd2 Nc8 20. N2e4 Nxd6 21. Nxd6 Ke7 22. Qg3 Rhg8 23. Qf4 Raf8 24. a3 a4 25. b4 axb3 26. a4 Qb8 27. Ne4 Bxe4 28. Qxe4 Qa8 29. Qd3 Rb8 30. Rfb1 b2 31. Ra2 Rgd8 32. f4 g6 33. h4 h5 34. Kh2 Rb4 35. Raxb2 Rxb2 36. Rxb2 Qxa4 37. Rb5 Qa1 38. Rxc5 Qc3 39. Qe4 Qe3 40. Rc7+ Kf8 41. Qxe3 dxe3 42. Kg3 Rd4 43. Kf3 Re4 44. Ke2 Rxf4 45. Kxe3 Rxh4 46. Kd3 Rg4 47. c5 Rxg2 48. c6 Rg1 49. Kd2 Ra1 50. Rd7 Ra8 51. c7 Ke8 52. Rd4 Rc8 53. Rc4 Kd7 54. Rf4 Rxc7 55. Rxf7+ Kc6 56. Rf6 Kd5 57. Rxg6 Rh7 58. Rg5 h4 59. Rg1 h3 60. Ke2 h2 61. Rh1 Kxe5 62. Kf2 Kf4 63. Kg2 e5 64. Rf1+ Ke3 65. Kh1 e4 66. Ra1 Kf3 67. Ra3+ e3 68. Ra6 Ke2 69. Ra2+ Kd3 70. Ra3+ Ke4 71. Ra4+ Kf3 72. Ra3 Kf2 73. Ra8 e2 74. Rf8+ Ke1 75. Ra8 Rf7 76. Ra1+ Kf2 77. Kxh2 Rh7# 0-1

[Event "Titled Tuesday intern op 16th Aug Early"]
[Site "Chess.com INT"]
[Date "2022.08.16"]
[Round "1"]
[White "Kovacevic, Radmila"]
[Black "Skawinski, Arkadiusz"]
[Result "0-1"]
[WhiteElo "2113"]
[BlackElo "2359"]
[PlyCount "126"]
[EventDate "2022.08.16"]
[EventType "swiss (blitz)"]
[EventRounds "11"]
[EventCountry "USA"]
[SourceTitle "EXT 2023"]
[Source "ChessBase"]
[SourceDate "2022.10.05"]
[SourceVersion "1"]
[SourceVersionDate "2022.10.05"]
[SourceQuality "1"]

1. d4 d5 2. c4 e6 3. Nc3 c6 4. Nf3 dxc4 5. e4 b5 6. a3 Bb7 7. Bf4 Nd7 8. d5 Ngf6 9. dxe6 fxe6 10. e5 Nd5 11. Nxd5 cxd5 12. Nd4 Nc5 13. Nxb5 Qa5+ 14. Nc3 Nb3 15. Qh5+ g6 16. Qg4 Kf7 17. Rd1 Bxa3 18. Bh6 Bxb2 19. Qf3+ Ke8 20. Qf6 Bxc3+ 21. Ke2 Kd7 22. Qf7+ Kc6 23. Qxe6+ Kb5 24. Rxd5+ Bxd5 25. Qxd5+ Kb4 26. Qb7+ Ka3 27. f4 Rhd8 28. Kf2 Qc5+ 29. Kg3 Be1+ 30. Kh3 Qc8+ 31. Qxc8 Raxc8 32. g3 Bc3 33. Bg5 Re8 34. Bg2 Bxe5 35. fxe5 Rxe5 36. Bf4 Rb5 37. Be4 c3 38. Rb1 c2 39. Bc1+ Ka4 40. Rb2 Nxc1 41. Bxc2+ Ka5 42. Rxb5+ Kxb5 43. Be4 Kb4 44. Kg4 Rc7 45. Kg5 a6 46. Bd5 a5 47. Kh6 Nb3 48. Be6 a4 49. h4 a3 50. g4 a2 51. h5 gxh5 52. g5 a1Q 53. Bxb3 Qg7+ 54. Kxh5 Qg6+ 55. Kh4 Kxb3 56. Kg3 Qxg5+ 57. Kf3 Rc3+ 58. Ke4 Rc4+ 59. Kd3 Qd5+ 60. Ke2 Re4+ 61. Kf3 Qf5+ 62. Kg3 Rg4+ 63. Kh2 Qh5# 0-1

[Event "Titled Tuesday intern op 09th Aug Early"]
[Site "Chess.com INT"]
[Date "2022.08.09"]
[Round "2"]
[White "Martinez Alcantara, Jose Eduardo"]
[Black "Skawinski, Arkadiusz"]
[Result "1-0"]
[WhiteElo "2591"]
[BlackElo "2359"]
[PlyCount "100"]
[EventDate "2022.08.09"]
[EventType "swiss (blitz)"]
[EventRounds "11"]
[EventCountry "USA"]
[SourceTitle "EXT 2023"]
[Source "ChessBase"]
[SourceDate "2022.10.05"]
[SourceVersion "1"]
[SourceVersionDate "2022.10.05"]
[SourceQuality "1"]

1. e4 e6 2. d4 d5 3. Nd2 c5 4. Ngf3 cxd4 5. Nxd4 Nf6 6. exd5 Qxd5 7. Nb5 Na6 8. Nc3 Qe5+ 9. Be2 Bb4 10. Nc4 Bxc3+ 11. bxc3 Qxc3+ 12. Bd2 Qd4 13. c3 Qd8 14. Qa4+ Qd7 15. Qa3 Qe7 16. Nd6+ Kf8 17. Rd1 Kg8 18. 0-0 Ne8 19. Bc1 Nxd6 20. Qxd6 Qxd6 21. Rxd6 h6 22. Bf4 Kh7 23. Bd3+ f5 24. Rd1 Nc5 25. Bc2 b6 26. Be3 Re8 27. g4 Ne4 28. Rc6 Re7 29. Bxe4 fxe4 30. Rcd6 Bb7 31. Rd7 Rae8 32. c4 Bc6 33. R7d6 Ba4 34. R1d4 Bc2 35. Rd2 Bd3 36. c5 bxc5 37. Bxc5 Rc7 38. Be3 Rec8 39. Kg2 Rc1 40. Rd7 Bf1+ 41. Kg3 Bd3 42. Rxa7 R8c7 43. Rxc7 Rxc7 44. a4 Rc4 45. Ra2 Bc2 46. a5 Ra4 47. Rxc2 Rxa5 48. Rc7 Kg6 49. Rc4 e5 50. Rxe4 h5 1-0

[Event "Titled Tuesday intern op 09th Aug Early"]
[Site "Chess.com INT"]
[Date "2022.08.09"]
[Round "1"]
[White "Todorovic, Bojan"]
[Black "Skawinski, Arkadiusz"]
[Result "0-1"]
[WhiteElo "2176"]
[BlackElo "2359"]
[PlyCount "80"]
[EventDate "2022.08.09"]
[EventType "swiss (blitz)"]
[EventRounds "11"]
[EventCountry "USA"]
[SourceTitle "EXT 2023"]
[Source "ChessBase"]
[SourceDate "2022.10.05"]
[SourceVersion "1"]
[SourceVersionDate "2022.10.05"]
[SourceQuality "1"]

1. d4 d5 2. c4 e6 3. Nc3 c6 4. Nf3 dxc4 5. e3 b5 6. a4 Bb4 7. Bd2 a5 8. axb5 Bxc3 9. Bxc3 cxb5 10. b3 Bb7 11. bxc4 b4 12. Bb2 Nf6 13. Bd3 0-0 14. 0-0 Nbd7 15. Nd2 Qc7 16. f4 a4 17. Ra2 Rfd8 18. Qe2 Qd6 19. e4 b3 20. e5 Qb6 21. Raa1 a3 22. Bc3 b2 23. Ra2 Ne8 24. Kh1 g6 25. f5 exf5 26. d5 Nc5 27. Bc2 Ng7 28. Bd4 Rxd5 29. cxd5 Bxd5 30. Bb1 Nge6 31. Be3 Qc6 32. Nf3 Ne4 33. Bxe4 fxe4 34. Nd4 Nxd4 35. Bxd4 Bxa2 36. e6 Bxe6 37. Qf2 Rd8 38. Qf6 Rxd4 39. Qxd4 Qd5 40. Qf6 a2 0-1

[Event "Titled Tuesday intern op 02nd Aug Early"]
[Site "Chess.com INT"]
[Date "2022.08.02"]
[Round "2"]
[White "Andreikin, Dmitry"]
[Black "Skawinski, Arkadiusz"]
[Result "1-0"]
[WhiteElo "2729"]
[BlackElo "2359"]
[PlyCount "53"]
[EventDate "2022.08.02"]
[EventType "swiss (blitz)"]
[EventRounds "11"]
[EventCountry "USA"]
[SourceTitle "EXT 2023"]
[Source "ChessBase"]
[SourceDate "2022.10.05"]
[SourceVersion "1"]
[SourceVersionDate "2022.10.05"]
[SourceQuality "1"]

1. d4 d5 2. c4 e6 3. Nf3 Nf6 4. g3 Be7 5. Bg2 0-0 6. 0-0 dxc4 7. Qc2 a6 8. a4 Bd7 9. Qxc4 Bc6 10. Bf4 a5 11. Nc3 Na6 12. Rfd1 h6 13. Rac1 Nb4 14. Ne5 Bxg2 15. Kxg2 c6 16. e4 Ra6 17. h4 Ne8 18. d5 Nd6 19. Qe2 exd5 20. exd5 c5 21. Qg4 f5 22. Qh5 Qe8 23. Ng6 Bf6 24. Nb5 Bxb2 25. Nxd6 Rxd6 26. Bxd6 Rf6 27. Ne7+ 1-0

[Event "Titled Tuesday intern op 19th Jul Early"]
[Site "Chess.com INT"]
[Date "2022.07.19"]
[Round "5"]
[White "Melkumyan, Hrant"]
[Black "Skawinski, Arkadiusz"]
[Result "1-0"]
[WhiteElo "2634"]
[BlackElo "2359"]
[PlyCount "51"]
[EventDate "2022.07.19"]
[EventType "swiss (blitz)"]
[EventRounds "11"]
[EventCountry "USA"]
[SourceTitle "EXT 2023"]
[Source "ChessBase"]
[SourceDate "2022.10.05"]
[SourceVersion "1"]
[SourceVersionDate "2022.10.05"]
[SourceQuality "1"]

1. c4 e6 2. Nf3 d5 3. e3 Nf6 4. Nc3 c5 5. cxd5 exd5 6. d4 Nc6 7. Bb5 Bd6 8. dxc5 Bxc5 9. 0-0 0-0 10. b3 Bg4 11. Be2 Rc8 12. Bb2 a6 13. h3 Bh5 14. Nh4 Bxe2 15. Nxe2 Ne4 16. Nf5 f6 17. Nf4 d4 18. Ne6 Qd5 19. Qg4 g6 20. Nh6+ Kh8 21. Nxf8 Bxf8 22. f3 Nd6 23. Qf4 f5 24. e4 Qe5 25. Qxe5+ Nxe5 26. Bxd4 1-0

[Event "Titled Tuesday intern op 19th Jul Early"]
[Site "Chess.com INT"]
[Date "2022.07.19"]
[Round "11"]
[White "Mendez Fortes, Eduardo Jesus"]
[Black "Skawinski, Arkadiusz"]
[Result "0-1"]
[WhiteElo "2250"]
[BlackElo "2359"]
[PlyCount "150"]
[EventDate "2022.07.19"]
[EventType "swiss (blitz)"]
[EventRounds "11"]
[EventCountry "USA"]
[SourceTitle "EXT 2023"]
[Source "ChessBase"]
[SourceDate "2022.10.05"]
[SourceVersion "1"]
[SourceVersionDate "2022.10.05"]
[SourceQuality "1"]

1. e4 e6 2. d4 d5 3. Nd2 c5 4. exd5 Qxd5 5. Ngf3 cxd4 6. Bc4 Qd7 7. 0-0 Nc6 8. Nb3 a6 9. Nbxd4 Nxd4 10. Nxd4 Qc7 11. Qe2 Bd6 12. Re1 Ne7 13. h3 0-0 14. Bg5 Ng6 15. Bd3 Nf4 16. Bxf4 Bxf4 17. c3 g6 18. Rad1 b6 19. Be4 Bb7 20. Qf3 Bxe4 21. Rxe4 Bh6 22. Rde1 Rad8 23. Qe2 b5 24. a4 b4 25. cxb4 Bg7 26. Nf3 Qb7 27. b5 axb5 28. Rb4 Rd5 29. axb5 Rb8 30. b6 Rd6 31. Nd2 Rxb6 32. Rxb6 Qxb6 33. Nc4 Qb4 34. Rd1 Rc8 35. Ne3 Qxb2 36. Qxb2 Bxb2 37. Kf1 e5 38. Nd5 Rc2 39. Ne3 Rc7 40. Nd5 Ra7 41. Rb1 Bd4 42. Re1 Kg7 43. g3 h5 44. Re2 Ra5 45. Nb4 Rb5 46. Nc6 Rc5 47. Nb4 Rc4 48. Nd3 Kf6 49. Kg2 Rc3 50. Ne1 Kf5 51. Nf3 g5 52. Ra2 Rb3 53. Ra5 Rb4 54. Ra2 f6 55. Nh2 g4 56. hxg4+ hxg4 57. Nf1 Rb3 58. Nd2 Rc3 59. Nb1 Rc1 60. Nd2 Re1 61. Nb3 Ke4 62. Rc2 f5 63. Na5 f4 64. gxf4 exf4 65. Nc6 f3+ 66. Kg3 Rg1+ 67. Kh4 Bf6+ 68. Kh5 g3 69. fxg3 Rg2 70. Rc1 f2 71. Rf1 Kf3 72. Kg6 Bc3 73. Rc1 Rxg3+ 74. Kf5 Kg2 75. Nd4 Bxd4 0-1